000 00213 a2200109 4500
020 _a9786074532364
041 _aspa
100 _aMonroy Lopez, Angelica
245 _aPulgarcito
942 _cBK
999 _c29616
_d29614
999 _d29614